Handbook of electrical engineering (Record no. 31199)

MARC details
000 -LEADER
fixed length control field 00274nam a2200109Ia 4500
082 ## - DEWEY DECIMAL CLASSIFICATION NUMBER
Classification number 621.3(035)
Item number BHA
100 ## - MAIN ENTRY--AUTHOR NAME
Personal name Bhatia, S L
245 #0 - TITLE STATEMENT
Title Handbook of electrical engineering
260 ## - PUBLICATION, DISTRIBUTION, ETC. (IMPRINT)
Place of publication Delhi
Name of publisher Khanna
Year of publication 1976
942 ## - ADDED ENTRY ELEMENTS (KOHA)
Koha item type Books
Holdings
Withdrawn status Lost status Damaged status Not for loan Home library Current library Date acquired Cost, normal purchase price Full call number Accession Number Koha item type
        RRII Library RRII Library 16/12/2021 21.00 621.3(035) BHA 11751 Books